000 01356nam a22003617a 4500
003 CHAP
005 20220329143821.0
008 110930s2011 mx a r 00010 spa d
010 _a102280
011 _a103252
020 _a978-607-8124-02-2 (H. Ayuntamiento de Metepec)
020 _a9786074900767 (IMC)
035 _a113941
040 _cCHAP
082 0 4 _a291.1097252
_bJ29
100 0 0 _aJarquín Ortega, María Teresa.
_961188
245 1 4 _aLos santos del corazón de Metepec :
_bSan Isidro Labrador y San Miguel Arcángel
_c/por María Teresa Jarquín Ortega
260 _aToluca, Edo. de Méx. :
_bInstituto Mexiquense de Cultura,
_c2011
300 _a101 p. :
_bilus., cuadros, tablas
490 0 _aBiblioteca Mexiquense del Bicentenario
590 _aBATCH-UPD
_b10
_c20130110
_lUCH01
_h1116
590 _aBATCH-UPD
_b10
_c20130410
_lUCH01
_h0706
590 _aBATCH-UPD
_b10
_c20130914
_lUCH01
_h0620
590 _aCONVERSION
_b10
_c20130109
_lUCH01
_h1356
650 1 4 _aMéxico (Edo.)
_xHistoria.
_976831
650 1 4 _aMéxico (Edo.)
_xVida social y costumbres.
_976838
650 1 4 _aReligión y cultura.
_995837
650 1 4 _aReligión y mitología.
_995839
830 0 _aBiblioteca Mexiquense del Bicentenario
_912411
901 _aBK
942 _cLIBRO
949 _a291.1097252 J29
_bBC
_cLIBRO
_d33724002307272
_eLIBRO
_h115978
_i113941
_st
999 _c102280
_d102280